| Поле | Инд. | ПП | Название | Значение |
|---|---|---|---|---|
| Тип записи | a | |||
| Библиографический уровень | b | |||
| 001 | Контрольный номер | RU/IS/BASE/130430621 | ||
| 005 | Дата корректировки | 20200522190610.4 | ||
| 008 | Кодируемые данные | 19950724 | ||
| 084 | a | Индекс другой классификации/Индекс ББК | 63.3(2)522 | |
| a | Индекс другой классификации/Индекс ББК | 67.3(2Рос)5 | ||
| 097 | 00 | a | 750 | |
| 100 | 10 | a | Автор | Полунов А. |
| q | Полное имя | Полунов Александр | ||
| 245 | 00 | a | Заглавие | Рыцарь несвободы |
| 600 | a | Персоналии | Победоносцев Константин Петрович | |
| 650 | a | Основная рубрика | история | |
| a | Основная рубрика | история государства и права | ||
| a | Основная рубрика | право | ||
| 653 | 00 | a | Ключевые слова | XIX век |
| a | Ключевые слова | XX век | ||
| a | Ключевые слова | капитализм | ||
| a | Ключевые слова | Россия | ||
| 773 | 00 | t | Заглавие источника | Родина |
| d | Дата издания источника | 1995 | ||
| g | Прочая информация | № 1. - С. 102 - 104 | ||
| w | Контрольный № источника | RU/IS/BASE/142008626 | ||
| 901 | t | Тип документа | b |